header

The Indus Basin of Pakistan (Record no. 4610)

MARC details
000 -LEADER
fixed length control field 01654nam a2200397 a 4500
082 04 - DEWEY DECIMAL CLASSIFICATION NUMBER
Classification number 551.48095491
245 04 - TITLE STATEMENT
Title The Indus Basin of Pakistan
260 ## - PUBLICATION, DISTRIBUTION, ETC. (IMPRINT)
Place of publication Washington, D.C. :
Name of publisher World Bank,
Year of publication 2013.
300 ## - PHYSICAL DESCRIPTION
Number of Pages xviii, 165 p. :
Other physical details ill. (chiefly col.), maps (chiefly col.).
490 1# - SERIES STATEMENT
Series statement Directions in development : countries and regions
650 #0 - SUBJECT ADDED ENTRY--TOPICAL TERM
Topical Term Climatic changes
Topical Term Crops and climate
Topical Term Water resources development
700 1# - ADDED ENTRY--PERSONAL NAME
Personal name Yu, Winston H.
856 40 - ELECTRONIC LOCATION AND ACCESS
Uniform Resource Identifier http://site.ebrary.com/lib/rucke/Doc?id=10705959

No items available.

© 2026 Rongo University
Contact us: librarian | system librarian | Rongo university